MARC

LEADER 00000nam0a2200000 4500
001 32875
005 20231101210124.0
035 |a (RuTPU)RU\TPU\book\33178 
035 |a BOOK00000009 
090 |a 32875 
100 |a 20011210d1972 k y0rusy50 ca 
101 0 |a rus 
102 |a RU 
105 |a y z 001zy 
200 1 |a Физические свойства твердых растворов щелочногалоидных соединений  |f А. А. Воробьев, Е. К. Завадовская, Т. К. Кочербаев  |g Томский политехнический институт 
210 |a Томск  |c Изд-во ТГУ  |d 1972 
215 |a 186 с. 
317 |5 63413507: КР-6637  |a Поступил в НТБ в 1987 г. в дар от вдовы ученого Е. К. Завадовской 
320 |a Библиогр. в конце гл. 
606 1 |a Щелочно-галоидные кристаллы  |x Физические свойства  |2 stltpush  |3 (RuTPU)RU\TPU\subj\80312  |9 88037 
610 1 |a физика 
610 1 |a щелочно-галоидные соединения 
610 1 |a твердые растворы 
610 1 |a свойства 
610 1 |a структура 
610 1 |a сплавы 
610 1 |a облучение 
610 1 |a физика 
610 1 |a труды учёных ТПУ 
610 1 |a библиотека А. А. Воробьева 
610 1 |a дары библиотеке 
675 |a 548.312  |v 4 
700 1 |a Воробьев  |b А. А.  |c российский физик  |c ректор Томского политехнического института, профессор  |f 1909-1981  |g Александр Акимович  |2 stltpush  |3 (RuTPU)RU\TPU\pers\12805  |4 070 
701 1 |a Завадовская  |b Е. К.  |c российский физик  |c профессор кафедры физики твердого тела Томского политехнического института  |f 1913-2004  |g Екатерина Константиновна  |2 stltpush  |3 (RuTPU)RU\TPU\pers\19787 
701 1 |a Кочербаев  |b Т. К.  |g Турдубек Кочербаевич 
712 0 2 |a Томский политехнический институт  |2 stltpush  |3 (RuTPU)RU\TPU\col\1123 
801 0 |a RU  |b 63413507  |c 20011210  |g PSBO 
801 2 |a RU  |b 63413507  |c 20200925  |g PSBO 
942 |c BK